000 01125cam a22002895a 4500
001 L148734
002 18081
008 091029s2009 xxk f 000 0 eng d
020 _a9781405743228
035 _a(Sirsi) u148734
041 0 _aeng
050 0 4 _a346.4104343 $2 18
100 1 _aBradford, Katie
245 0 0 _aButterworths business landlord and tenant handbook
250 _a5th ed.
260 _aLondon
_bLexis Nexis
_c2009
300 _a1415p.
_c25cm.
350 _a86
520 _aProvides the current text of legislation (statutes and statutory instruments) relating to business and agricultural tenancies. This new edition includes approapriate provisions of the Health Act 2006 and the various statutory instruments associated with it. Also includes provisions of the Tribunals, Courts and Enforcement Act 2007.
520 _aSupersedes the fourth edition (ISBN 9781405725903).
521 _aAdvanced
590 _aKA
651 4 _aEngland and Wales
_y1543-
690 _aPROPERTY-COMMERCIAL PROPERTY-COMMERCIAL LANDLORD AND TENANT-BUSINESS TENANCIES
700 1 _aMatthews, Paul
942 _n0
999 _c110194
_d110194